| 000 | 00526cam a22001577a 4500 | ||
|---|---|---|---|
| 999 |
_c521539 _d521539 |
||
| 008 | 180718b xxu||||| |||| 00| 0 eng d | ||
| 082 | _aT19 Ec74/ 2015-16 | ||
| 245 |
_aEconomic survey, India, 2015-16 _cby Ministry of Finance |
||
| 260 |
_aNew Delhi _bThe author |
||
| 300 | _a 213p | ||
| 440 |
_v1 _98782 |
||
| 500 | _aLibrary has 1957/58-1967/68, 1971/72-2011/12, 2013/14, 2014/15, 2015-16, 2016-17, 2017-18, 2018-19 | ||
| 650 |
_aEconomic surveys - India _98783 |
||
| 700 |
_aIndia. Ministry of Finance _98784 |
||
| 942 | _2ddc | ||